LEADER 01190nam0 22003253i 450 001 PUV0926606 005 20231121125620.0 010 $a0849300045 100 $a20141021d2002 ||||0itac50 ba 101 | $aeng 102 $aus 181 1$6z01$ai $bxxxe 182 1$6z01$an 200 1 $a˜The œinduction machine handbook$fIon Boldea, Syed A. Nasar 210 $aBoca Raton [etc.]$cCRC Press$dc2002 215 $a950 p.$d25 cm. 225 | $a˜The œelectric power engineering series 410 0$1001TSA0431705$12001 $a˜The œelectric power engineering series 606 $aMacchine elettriche$2FIR$3RMLC103203$9I 676 $a621.31042$9$v21 700 1$aBoldea$b, Ion$3MILV173032$4070$027939 701 1$aNasar$b, Syed A.$3RAVV063152$4070$059380 801 3$aIT$bIT-01$c20141021 850 $aIT-FR0099 899 $aBiblioteca Area Ingegneristica$bFR0099 912 $aPUV0926606 950 0$aBiblioteca Area Ingegneristica$d 54DAE 621.31 BOL$e 54VM 0000113795 VM barcode:BAIN004464. - Inventario:215aVM$fA $h20020130$i20121204 977 $a 54 996 $aInduction machine handbook$91396447 997 $aUNICAS LEADER 01025nam0 2200313 i 450 001 PUV0606091 005 20231121125617.0 010 $a8813226934 020 $aIT$b2001-694 100 $a20141021d2000 ||||0itac50 ba 101 | $aita 102 $ait 181 1$6z01$ai $bxxxe 182 1$6z01$an 200 1 $aMarketing$fUmberto Collesei 205 $a3. ed 210 $aPadova$cCEDAM$d2000 215 $aXV, 670 p.$d27 cm. 606 $aMarketing$2FIR$3RMLC090919$9I 676 $a658.8$9$v20 700 1$aCollesei$b, Umberto$3CFIV043216$4070$078366 801 3$aIT$bIT-01$c20141021 850 $aIT-FR0098 899 $aBiblioteca Area Giuridico Economica$bFR0098 912 $aPUV0606091 950 0$aBiblioteca Area Giuridico Economica$d 53IMP 658.8/82$e 53VM 0000114355 VM barcode:ECO014694. - Inventario:6609. - Fondo:Sala consultazioneVM$fA $h20020207$i20121204 977 $a 53 996 $aMarketing$962827 997 $aUNICAS